| 000 | 00598nam a22001937a 4500 | ||
|---|---|---|---|
| 003 | MX-MxUPN | ||
| 005 | 20250816063832.0 | ||
| 008 | 250403s2005 fr| |||fr||||i100 0 eng d | ||
| 040 |
_aMX-MxUPN _bspa |
||
| 041 | 0 | _aeng | |
| 050 | 4 |
_aGC2 _bC66 2005 |
|
| 110 | 2 |
_aComisión Oceanográfica Intergubernamental. _bAsamblea _n(23 ° : _d2005 : _cParís) _956272 |
|
| 245 | 1 | 0 | _aAction paper |
| 260 |
_aParís : _bIntergovernmental Oceanographic Commission, _c2005 |
||
| 300 | _a37 páginas | ||
| 650 | 4 |
_aOceanografía _vCongresos _956273 |
|
| 902 | _aVíctorGodínez/030425 | ||
| 942 |
_2lcc _cFOLL |
||
| 999 |
_c213047 _d213047 |
||